00345nam a2200109 a 450000500170000000800410001705000210005810000250007924501040010426000100020870000170021820141022142008.0120228s19uu xx 00 eng d aCD-ROMbEk9 2007 aEkvall, Lei Lei Wang aEntrepreneur magazine :blegal guide bankruptcy for businesses /cLei Lei Wang Ekvall, evan Smiley. c2007. aSmiley, Evan